000 00905nam a2200289Ka 4500
001 54368706
003 OCoLC
005 20180524165818.0
008 040206s1998 nyua b 000 1 spa d
020 _a0590626914 (pbk.)
020 _a9780590626910 (pbk.)
040 _aWIM
_cWIM
041 _aspa
100 1 _aCervantes, Jesus P.
245 1 0 _aA E I O U /
_cescrito por Jesus Cervantes ; ilustrado por Carlos E. Bernales.
260 _aNew York :
_bScholastic,
_cc1998.
300 _a7 p. :
_bill. ;
_c18 cm.
490 1 _aCuentos foneticos de Scholastic ;
_v1.
520 _aA girl is helped by her mother to learn the vowels a, e, i, o, and u.
546 _aIn Spanish.
650 0 _aReading
_xPhonetic method.
650 1 _aSpanish language materials.
700 1 _aBernales, Carlos E.
_4ill.
740 2 2 _aA E I O U.
830 0 _aCuentos foneticos de Scholastic ;
_v1.
942 _cBK
999 _c20772
_d20772